000 00416nam a2200157Ia 4500
003 OSt
005 20230526152916.0
008 211028s2016 xx 000 0 und d
040 _cAIMIT LIBRARY
041 _aeng
100 _aD'Souza, Hancel Anacletus; Kumar, Rakesh.
_98628
_e141907
110 _aRakesh Kumar
_98629
245 _aLocal bus tracker application.
260 _aMangalore
_c2016
942 _2ddc
_cPRO
999 _c219983
_d219983